NBA Best Teams Starters 1980s - Statistics

General Stats
  • This quiz has been taken 647 times
  • The average score is 54 of 125
Answer Stats
Team Position Player % Correct
Celtics 1985-86 SF Larry Bird
99%
Lakers 1986-87 PG Magic Johnson
98%
Celtics 1985-86 PG Dennis Johnson
96%
SuperSonics 1979-80 SG Dennis Johnson
96%
SuperSonics 1979-80 SF John Johnson
95%
Lakers 1986-87 C Kareem Abdul-Jabbar
95%
Suns 1988-89 PG Kevin Johnson
95%
Celtics 1985-86 PF Kevin McHale
95%
Celtics 1985-86 C Robert Parish
94%
Rockets 1985-86 C Hakeem Olajuwon
93%
Pistons 1988-89 PG Isiah Thomas
93%
76ers 1982-83 C Moses Malone
93%
76ers 1982-83 SF Julius Erving
92%
Jazz 1987-88 PF Karl Malone
92%
Bulls 1988-89 SG Michael Jordan
92%
Bulls 1988-89 SF Scottie Pippen
89%
Lakers 1986-87 SF James Worthy
88%
Pistons 1988-89 SG Joe Dumars
88%
Pistons 1988-89 C Bill Laimbeer
86%
Hawks 1986-87 SF Dominique Wilkins
84%
Jazz 1987-88 PG John Stockton
84%
Knicks 1988-89 C Patrick Ewing
80%
Spurs 1982-83 SG George Gervin
79%
Knicks 1988-89 SG Gerald Wilkins
78%
Nuggets 1984-85 SF Alex English
75%
Cavaliers 1988-89 PG Mark Price
75%
Warriors 1988-89 PF Larry Smith
74%
Clippers 1980-81 SG Phil Smith
74%
Bucks 1985-86 PG Sidney Moncrief
71%
Pistons 1988-89 SF Mark Aguirre
70%
Mavericks 1987-88 SF Mark Aguirre
70%
Warriors 1988-89 SF Chris Mullin
69%
Bulls 1988-89 PF Horace Grant
69%
Lakers 1986-87 PF A.C. Green
67%
Celtics 1985-86 SG Danny Ainge
67%
Rockets 1985-86 PF Ralph Sampson
67%
Warriors 1988-89 C Ralph Sampson
67%
Nets 1983-84 PF Buck Williams
66%
SuperSonics 1979-80 PG Gus Williams
66%
76ers 1982-83 PG Maurice Cheeks
66%
Lakers 1986-87 SG Byron Scott
62%
Bulls 1988-89 C Bill Cartwright
61%
Mavericks 1987-88 PG Derek Harper
61%
Cavaliers 1988-89 SG Ron Harper
61%
Jazz 1987-88 C Mark Eaton
59%
Cavaliers 1988-89 C Brad Daugherty
58%
Trail Blazers 1982-83 SG Jim Paxson
58%
Knicks 1988-89 PF Charles Oakley
56%
Knicks 1988-89 PG Mark Jackson
54%
Trail Blazers 1982-83 PF Mychal Thompson
53%
Heat 1988-89 SF Billy Thompson
52%
SuperSonics 1979-80 C Jack Sikma
52%
Cavaliers 1988-89 PF Larry Nance
52%
Mavericks 1987-88 SG Rolando Blackman
52%
Warriors 1988-89 SG Mitch Richmond
50%
Nets 1983-84 SF Albert King
48%
Suns 1988-89 SG Jeff Hornacek
48%
Kings 1980-81 PF Reggie King
48%
Spurs 1982-83 C Artis Gilmore
45%
Nuggets 1984-85 PG Fat Lever
45%
Trail Blazers 1982-83 PG Fat Lever
45%
Suns 1988-89 PF Tom Chambers
43%
Pistons 1988-89 PF Rick Mahorn
40%
Bullets 1981-82 C Rick Mahorn
40%
Hawks 1986-87 PG Doc Rivers
39%
Pacers 1980-81 PG Johnny Davis
39%
Bucks 1985-86 PF Terry Cummings
39%
Hawks 1986-87 PF Kevin Willis
35%
Suns 1988-89 C Mark West
35%
Nuggets 1984-85 C Wayne Cooper
35%
Trail Blazers 1982-83 C Wayne Cooper
35%
Rockets 1985-86 PG John Lucas
32%
Bullets 1981-82 PG John Lucas
32%
Pacers 1980-81 C James Edwards
30%
Heat 1988-89 SG Kevin Edwards
30%
Hawks 1986-87 C Tree Rollins
30%
Mavericks 1987-88 C James Donaldson
29%
76ers 1982-83 SG Andrew Toney
28%
Hornets 1988-89 PF Kurt Rambis
26%
Heat 1988-89 C Rony Seikaly
25%
Nets 1983-84 PG Micheal Ray Richardson
24%
Heat 1988-89 PF Grant Long
23%
Nets 1983-84 C Darryl Dawkins
19%
Mavericks 1987-88 PF Sam Perkins
19%
Bucks 1985-86 SG Craig Hodges
16%
Spurs 1982-83 PG Johnny Moore
14%
76ers 1982-83 PF Marc Iavaroni
13%
Jazz 1987-88 SF Marc Iavaroni
13%
Spurs 1982-83 SF Mike Mitchell
13%
Kings 1980-81 SG Otis Birdsong
13%
Nets 1983-84 SG Otis Birdsong
13%
Bucks 1985-86 SF Paul Pressey
13%
Hornets 1988-89 SF Kelly Tripucka
12%
Hornets 1988-89 SG Robert Reid
12%
Bullets 1981-82 PF Spencer Haywood
12%
Pacers 1980-81 SG Billy Knight
10%
Rockets 1985-86 SF Rodney McCray
8%
Kings 1980-81 C Sam Lacey
8%
Nuggets 1984-85 PF Calvin Natt
7%
Trail Blazers 1982-83 SF Calvin Natt
7%
Cavaliers 1988-89 SF Mike Sanders
7%
Kings 1980-81 PG Phil Ford
7%
Kings 1980-81 SF Scott Wedman
6%
Clippers 1980-81 PF Joe Bryant
5%
Clippers 1980-81 C Swen Nater
5%
Nuggets 1984-85 SG T.R. Dunn
5%
Bullets 1981-82 SF Greg Ballard
4%
Knicks 1988-89 SF Johnny Newman
4%
Rockets 1985-86 SG Lewis Lloyd
4%
Bucks 1985-86 C Randy Breuer
4%
Bulls 1988-89 PG Sam Vincent
4%
Suns 1988-89 SF Armen Gilliam
3%
Clippers 1980-81 PG Brian Taylor
3%
Bullets 1981-82 SG Kevin Grevey
3%
SuperSonics 1979-80 PF Lonnie Shelton
3%
Hawks 1986-87 SG Randy Wittman
3%
Jazz 1987-88 SG Bob Hansen
2%
Clippers 1980-81 SF Michael Brooks
2%
Heat 1988-89 PG Rory Sparrow
2%
Spurs 1982-83 PF Gene Banks
1%
Pacers 1980-81 SF Louis Orr
1%
Warriors 1988-89 PG Winston Garland
1%
Hornets 1988-89 C Earl Cureton
0%
Hornets 1988-89 PG Michael Holton
0%
Pacers 1980-81 PF Mike Bantom
0%
No matching quizzes found
Score Distribution
Percent of People with Each Score
Percentile by Number Answered
Your Score History
You have not taken this quiz